Music Quiz

Random Music or Singers Quiz

Nine 'C' Singers (Female) Quiz Stats

 Plays Quiz not verified by Sporcle

Support Sporcle.
Go Orange.
Score 0/9 Timer 01:00
1 Play Today
Hint answer % Correct
___ AguileraChristina
95.4%
___ LauperCyndi
95.4%
___ UnderwoodCarrie
95.2%
___ BCardi
86.3%
___ SimonCarly
84%
___ KhanChaka
80.2%
___ HyndeChrissie
57.3%
___ FrancisConnie
57.2%
___ CabelloCamila
56.3%

You're not logged in!

Compare scores with friends on all Sporcle quizzes.
OR
Log In

From the Vault

Element Symbol First Letters Blitz

by El_Dandy

118 answers in 60 seconds? Sounds easy!
Remove Ads.
Support Sporcle.
Get the best of Sporcle when you Go Orange. This ad-free experience offers more features, more stats, and more fun while also helping to support Sporcle. Thank you for becoming a member.

Show Comments

Extras

Top Quizzes Today


Score Distribution

Your Account Isn't Verified!

In order to create a playlist on Sporcle, you need to verify the email address you used during registration. Go to your Sporcle Settings to finish the process.

Report this User

Report this user for behavior that violates our Community Guidelines.

Details: